000 00542nam a22001695i 4500
001 171532
003 ES-MaACL
005 20230906214645.0
008 090519s1966 sp |||| | spa d
080 _a248.159.24
100 1 _aSolano, Jesús.
_9107079
245 1 0 _aBajo el signo del amor
_b: el culto al Corazón de Jesús en su mensaje actual /
_cJesús Solano.
260 _aMadrid :
_bCor Jesu,
_c1966.
300 _a63 p. ;
_c17 cm.
650 1 4 _aSagrado Corazón de Jesús-
_xCulto.
_9140224
852 _aES-MaACL
_jC-30067
_9R.60390
999 _c171532
_d171532